000 00801nam a2200229Ia 4500
005 20240530110943.0
008 140319s1953 xx 000 0 ara d
017 _bمصر. دار الكتب
040 _aGCL /
_cGCL
082 0 4 _a810.009 /
_bش د
_221
100 _aشوقى ضيف
245 1 0 _aدراسات فى الشعر العربى المعاصر /
_cتاليف شوقى ضيف
260 _aالقاهرة :
_bمكتبة الخانجى،
_cد . ت
260 _aبغداد :
_bمكتبة المثنى - بغداد ،
_cد . ت
300 _a200 ص؛
_c24 سم
650 7 0 _aشوقى ضيف
_2qrmak
650 7 0 _aالشعر العربى
_2qrmak
650 7 0 _aالادب العربى
_2qrmak
651 _2qrmak
942 _2ddc
_cBK
999 _c66863
_d66863